[Event "Int. Championship of Central Serbia - OP"]
[Site "Paracin"]
[Date "2011.07.15"]
[Round "9.33"]
[White "Sarenac, Ivan"]
[Black "Rodic, Dragan"]
[Result "1-0"]
[WhiteElo "2315"]
[BlackElo "2063"]
[PlyCount "101"]
[EventDate "2011.07.08"]

1. e4 c5 2. Nf3 d6 3. d4 cxd4 4. Nxd4 a6 5. Nc3 e6 6. Be3 Qc7 7. g4 Bd7 8. f4
Nc6 9. Qf3 Nxd4 10. Bxd4 Ne7 11. O-O-O Nc6 12. Bf2 Be7 13. Bd3 Bf6 14. Ne2 Qa5
15. Kb1 Rc8 16. Be1 Qc7 17. g5 Be7 18. h4 b5 19. h5 e5 20. Nc3 exf4 21. Qxf4
Be6 22. Nd5 Bxd5 23. exd5 Ne5 24. Bf5 Rd8 25. Bc3 h6 26. gxh6 Rxh6 27. Bd2 Rh8
28. h6 g6 29. Bh3 Qc4 30. Qe3 f5 31. Bc1 Qc8 32. Rhg1 Kf7 33. Rdf1 Rdf8 34. Qe2
Kg8 35. Qh5 Kh7 36. Rxf5 Qe8 37. Qe2 Rhg8 38. Rff1 Rxf1 39. Rxf1 Rf8 40. Rg1
Qf7 41. Bg2 Qf2 42. Qd1 Nf3 43. Bxf3 Rxf3 44. Re1 Bf6 45. Re6 Rg3 46. Re2 Qf5
47. Qe1 Rf3 48. Qa5 Be5 49. Re1 Rf2 50. Qc7+ Kg8 51. Rxe5 1-0

[Event "Int. Championship of Central Serbia - OP"]
[Site "Paracin"]
[Date "2011.07.15"]
[Round "9.34"]
[White "Ratkovic, Milovan"]
[Black "Jovanovic, Bojan P"]
[Result "1-0"]
[WhiteElo "2146"]
[BlackElo "2222"]
[PlyCount "64"]
[EventDate "2011.07.08"]

1. d4 g6 2. e4 Bg7 3. Nf3 d6 4. Nc3 Nd7 5. Be2 e5 6. Bg5 Ne7 7. dxe5 dxe5 8.
Bc4 f6 9. Be3 c6 10. Bb3 Nb6 11. Qe2 Ng8 12. Bc5 Bf8 13. Rd1 Qc7 14. Bxb6 axb6
15. Qc4 Bc5 16. O-O Qe7 17. Rd2 Nh6 18. Rfd1 b5 19. Rd8+ Qxd8 20. Rxd8+ Kxd8
21. Qxc5 Kd7 22. Nxe5+ fxe5 23. Qxe5 Rd8 24. Qg7+ Ke8 25. Qxh6 b4 26. Qxh7 Rd7
27. Qxg6+ Kd8 28. h4 bxc3 29. bxc3 Kc7 30. h5 Rd8 31. h6 Rd1+ 32. Kh2 Rh1+ 1-0

[Event "Int. Championship of Central Serbia - OP"]
[Site "Paracin"]
[Date "2011.07.15"]
[Round "9.35"]
[White "Wilke, Werner"]
[Black "Marjanovic, Dejan"]
[Result "1-0"]
[WhiteElo "2198"]
[BlackElo "2153"]
[PlyCount "107"]
[EventDate "2011.07.08"]

1. e4 c5 2. Nf3 d6 3. d4 cxd4 4. Nxd4 Nf6 5. Nc3 a6 6. Be3 e5 7. Nf3 Qc7 8. a4
Be7 9. Be2 O-O 10. O-O Nbd7 11. Nd2 b6 12. f3 Bb7 13. Bc4 Rfc8 14. Qe2 Nc5 15.
Bd5 Nxd5 16. Nxd5 Bxd5 17. exd5 Nd7 18. c4 f5 19. Ra3 Nf6 20. Rb3 Rab8 21. f4
g6 22. Kh1 exf4 23. Bxb6 Rxb6 24. Rxb6 Qxb6 25. Qxe7 Ng4 26. h3 Nf2+ 27. Kh2
Qe3 28. Qh4 Nd3 29. Nf3 Rb8 30. b4 Qe2 31. Rb1 Qc2 32. Qe7 Qf2 33. Qe6+ Kg7 34.
Qe7+ Kh6 35. Qg5+ Kg7 36. Rb3 Qg3+ 37. Qxg3 fxg3+ 38. Kxg3 Nxb4 39. a5 Kf8 40.
Nd4 Ke8 41. Kf4 h6 42. h4 Kd7 43. Kf3 Kc7 44. Ne6+ Kc8 45. g3 Rb7 46. Ke2 Nc2
47. Rxb7 Kxb7 48. Kd2 Na3 49. Kd3 Kc8 50. Nd4 Kd7 51. h5 gxh5 52. Nxf5 Ke8 53.
Nxd6+ Ke7 54. Ne4 1-0

[Event "Int. Championship of Central Serbia - OP"]
[Site "Paracin"]
[Date "2011.07.15"]
[Round "9.36"]
[White "Grbic, Branko"]
[Black "Milovanovic, Srboljub"]
[Result "0-1"]
[WhiteElo "1922"]
[BlackElo "2196"]
[PlyCount "106"]
[EventDate "2011.07.08"]

1. e4 c5 2. Nf3 Nc6 3. d4 cxd4 4. Nxd4 Nf6 5. Nc3 d6 6. Be2 e5 7. Nb3 Be7 8.
O-O Be6 9. f4 exf4 10. Bxf4 O-O 11. Kh1 d5 12. exd5 Nxd5 13. Nxd5 Bxd5 14. Bf3
Bxf3 15. Qxf3 Bf6 16. Rad1 Qc8 17. c3 Qf5 18. Qg3 Rfd8 19. Bd6 Qg5 20. Qxg5
Bxg5 21. c4 b6 22. c5 Rd7 23. Rde1 Bf6 24. Re2 Nd4 25. Nxd4 Bxd4 26. Rfe1 f6
27. Rc2 Rc8 28. b4 Bxc5 29. Bxc5 Rdc7 30. h3 bxc5 31. bxc5 Rxc5 32. Re8+ Rxe8
33. Rxc5 Re5 34. Rc3 Ra5 35. Rc2 Kf7 36. Kg1 h5 37. Kf1 Ra3 38. Re2 h4 39. Rd2
Ke6 40. Ke1 Ke5 41. Ke2 Ke4 42. Rb2 Ra4 43. Rd2 Kf4 44. Kf2 g5 45. Rb2 a5 46.
Ke1 Kg3 47. Kf1 Rb4 48. Rc2 Rb1+ 49. Ke2 Kxg2 50. Ke3+ Kxh3 51. Rc5 g4 52. Rxa5
g3 53. Ra3 g2 0-1

[Event "Int. Championship of Central Serbia - OP"]
[Site "Paracin"]
[Date "2011.07.15"]
[Round "9.37"]
[White "Zajic, Milan"]
[Black "Jeremic, Milan"]
[Result "1-0"]
[WhiteElo "2074"]
[BlackElo "2172"]
[PlyCount "109"]
[EventDate "2011.07.08"]

1. e4 c6 2. d4 d5 3. Nd2 a6 4. Ngf3 Bg4 5. c3 e6 6. Bd3 Bxf3 7. Qxf3 Nf6 8.
exd5 cxd5 9. a4 Nc6 10. O-O Be7 11. Qe2 Qc7 12. f4 Bd6 13. g3 Ne7 14. Nf3 g6
15. Ne5 h5 16. Bd2 Nf5 17. Nxg6 fxg6 18. Qxe6+ Qe7 19. Rae1 Qxe6 20. Rxe6+ Be7
21. Rfe1 Ne4 22. Bxe4 dxe4 23. Rxg6 Nd6 24. f5 Rf8 25. Bf4 O-O-O 26. Bxd6 Bxd6
27. Rg5 h4 28. Rxe4 hxg3 29. hxg3 Rh8 30. Rg6 Rh5 31. f6 Rf8 32. g4 Rh7 33. g5
Kd7 34. Re2 Rfh8 35. Kf2 Rh2+ 36. Ke1 Bg3+ 37. Kd1 R2h7 38. Kc2 Bd6 39. Rf2 Bf8
40. f7 Rg7 41. Rxg7 Bxg7 42. Re2 Rf8 43. g6 Rh8 44. a5 Rc8 45. Kd3 Rh8 46. Kc4
Rc8+ 47. Kd5 Rh8 48. Re8 Rf8 49. Kc5 Kc7 50. d5 Kd7 51. Kb6 Rxe8 52. fxe8=Q+
Kxe8 53. Kxb7 Kd7 54. Kxa6 Kd6 55. Kb6 1-0

[Event "Int. Championship of Central Serbia - OP"]
[Site "Paracin"]
[Date "2011.07.15"]
[Round "9.38"]
[White "Mladenovic, Stefan"]
[Black "Miladinovic, Lena"]
[Result "0-1"]
[WhiteElo "2161"]
[BlackElo "2074"]
[PlyCount "102"]
[EventDate "2011.07.08"]

1. d4 Nf6 2. Nf3 e6 3. e3 c5 4. Bd3 d6 5. O-O Nbd7 6. c4 a6 7. a4 g6 8. Nc3 Bg7
9. d5 exd5 10. cxd5 O-O 11. Nd2 Ne5 12. Be2 Re8 13. h3 Rb8 14. f4 Ned7 15. e4
Qa5 16. Nc4 Qc7 17. e5 dxe5 18. d6 Qd8 19. fxe5 Nxe5 20. Nxe5 Rxe5 21. Bf4 Re8
22. d7 Nxd7 23. Bxb8 Nxb8 24. Bc4 Bd4+ 25. Kh1 Bf5 26. Ne2 Nc6 27. Ng3 Be6 28.
Bxe6 Rxe6 29. Qf3 Qe7 30. Rab1 Ne5 31. Qf4 Nd3 32. Qb8+ Qe8 33. Qxb7 h5 34.
Nxh5 gxh5 35. Qf3 c4 36. Qxh5 Nf2+ 37. Kh2 Rg6 38. Qf3 Qe5+ 39. g3 Rf6 40. Qa8+
Kg7 41. Rbe1 Qh5 42. h4 Be5 43. Kg2 Bxg3 44. Re8 Bb8 45. Rg8+ Kxg8 46. Qxb8+
Kh7 47. Rxf2 Rg6+ 48. Qg3 Rxg3+ 49. Kxg3 Qe5+ 50. Kg4 Qd4+ 51. Kg3 f5 0-1

[Event "Int. Championship of Central Serbia - OP"]
[Site "Paracin"]
[Date "2011.07.15"]
[Round "9.41"]
[White "Petrovic, Marija"]
[Black "Pregarac, Valter"]
[Result "0-1"]
[WhiteElo "2169"]
[BlackElo "2105"]
[PlyCount "142"]
[EventDate "2011.07.08"]

1. d4 e6 2. Nf3 Nf6 3. e3 c5 4. Bd3 d5 5. b3 Nc6 6. a3 Bd6 7. Bb2 Qc7 8. c4
cxd4 9. exd4 b6 10. Nc3 a6 11. O-O O-O 12. Rc1 Bf4 13. Rc2 Bb7 14. cxd5 exd5
15. Ne2 Bd6 16. Ng3 g6 17. Ne5 b5 18. Nxc6 Bxc6 19. Qf3 Nd7 20. Rfc1 Nb8 21.
Qf6 Rc8 22. Nf1 Nd7 23. Qf3 Qb7 24. Ne3 Nb6 25. Ng4 Be8 26. Qh3 Be7 27. Nh6+
Kh8 28. Nf5 Bf8 29. Ne3 Bd7 30. Qg3 Be6 31. Rc7 Rxc7 32. Rxc7 Qb8 33. h4 Qd8
34. Rc6 Rc8 35. Rxc8 Nxc8 36. h5 Bd6 37. Qf3 Qh4 38. hxg6 hxg6 39. g3 Qg5 40.
Nf1 Kg7 41. a4 bxa4 42. bxa4 a5 43. Bc3 Bg4 44. Qe3 Qd8 45. Bd2 Kg8 46. Qe1 Bc7
47. Qb1 Ne7 48. Bg5 Qd7 49. Ne3 Bf3 50. Bf1 Be4 51. Qd1 Kg7 52. Ng4 Ng8 53. Ne5
Qf5 54. Be3 Bc2 55. Qc1 Bxe5 56. dxe5 Be4 57. Qc3 Qf3 58. Bh6+ Nxh6 59. Qxf3
Bxf3 60. Bb5 Kf8 61. Kf1 Ke7 62. Ke1 Ke6 63. Kd2 Kxe5 64. Ke3 Bd1 65. Bd7 Nf5+
66. Kd3 Bf3 67. Be8 Be4+ 68. Kd2 Nd6 69. Bd7 Kd4 70. g4 Bf3 71. Kc2 g5 0-1

[Event "Int. Championship of Central Serbia - OP"]
[Site "Paracin"]
[Date "2011.07.15"]
[Round "9.42"]
[White "Gajovic, Dragan"]
[Black "Colovic, Zoran"]
[Result "1-0"]
[WhiteElo "2121"]
[BlackElo "2154"]
[PlyCount "65"]
[EventDate "2011.07.08"]

1. Nf3 c5 2. g3 Nf6 3. Bg2 Nc6 4. d4 cxd4 5. Nxd4 e5 6. Nb5 d6 7. c4 a6 8. N5c3
Be7 9. O-O O-O 10. Bg5 Be6 11. Bxf6 Bxf6 12. Nd5 Bg5 13. Nbc3 Rc8 14. f4 exf4
15. gxf4 Bh4 16. e3 g6 17. Kh1 h5 18. e4 Bg4 19. Qd3 Qa5 20. a3 Qc5 21. h3 Bd7
22. Rad1 Rcd8 23. b4 Qa7 24. b5 axb5 25. cxb5 Nb8 26. f5 Qxa3 27. Qe3 Kh7 28.
Qf4 g5 29. Qf3 g4 30. hxg4 Rg8 31. Qh3 Rxg4 32. Bf3 Rg3 33. Qxh4 1-0

[Event "Int. Championship of Central Serbia - OP"]
[Site "Paracin"]
[Date "2011.07.15"]
[Round "9.43"]
[White "Todorovic, Nenad I"]
[Black "Ratkovic, Miloje"]
[Result "1-0"]
[WhiteElo "1884"]
[BlackElo "2132"]
[PlyCount "75"]
[EventDate "2011.07.08"]

1. e4 c6 2. d4 d5 3. e5 Bf5 4. Ne2 e6 5. Ng3 Bg6 6. h4 h6 7. h5 Bh7 8. Bd3 Bxd3
9. cxd3 c5 10. dxc5 Bxc5 11. d4 Bb4+ 12. Nc3 Qa5 13. O-O Bxc3 14. bxc3 Nd7 15.
Qg4 Ne7 16. Qxg7 Rg8 17. Qxh6 O-O-O 18. Qf4 Rdf8 19. a4 f6 20. exf6 Rxf6 21.
Qh4 Nf5 22. Nxf5 Rxf5 23. Qh2 Nf6 24. Qd6 Re8 25. Bf4 Qb6 26. Qxb6 axb6 27. Be5
Ng4 28. Bg3 Rg8 29. Rfb1 Rxh5 30. Kf1 Ne3+ 31. Ke2 Nf5 32. Be5 Rxg2 33. Rxb6
Rh3 34. Rab1 Rxc3 35. Rxb7 Nd6 36. Bxd6 Rc2+ 37. Ke3 Rcxf2 38. Rc7+ 1-0

[Event "Int. Championship of Central Serbia - OP"]
[Site "Paracin"]
[Date "2011.07.15"]
[Round "9.44"]
[White "Markoja, Sebastijan"]
[Black "Bolt, Graham"]
[Result "1-0"]
[WhiteElo "1923"]
[BlackElo "2074"]
[PlyCount "67"]
[EventDate "2011.07.08"]

1. e4 g6 2. d4 Bg7 3. Nc3 d6 4. f4 e6 5. Nf3 Ne7 6. Bd3 b6 7. O-O c5 8. Be3
Nbc6 9. dxc5 dxc5 10. Qe1 a6 11. Rd1 Qc7 12. a4 Nb4 13. Qf2 Nxd3 14. Rxd3 O-O
15. a5 Rb8 16. Ne5 f5 17. axb6 Rxb6 18. Nc4 Rb4 19. b3 Rd8 20. Rfd1 Rxd3 21.
Rxd3 Bb7 22. exf5 Bxc3 23. Rxc3 Nd5 24. Rd3 exf5 25. Bxc5 Rb5 26. Bd6 Qc6 27.
Qe2 Qd7 28. Be5 Qe7 29. Qd2 Qc5+ 30. Kf1 Bc6 31. Bd6 Qa7 32. Ne5 Qb6 33. Nxc6
Qxc6 34. c4 1-0

[Event "Int. Championship of Central Serbia - OP"]
[Site "Paracin"]
[Date "2011.07.15"]
[Round "9.45"]
[White "Perunovic, Ljubivoje"]
[Black "Markovic, Sasa"]
[Result "0-1"]
[WhiteElo "2006"]
[BlackElo "2198"]
[PlyCount "82"]
[EventDate "2011.07.08"]

1. d4 d6 2. Nf3 g6 3. b3 Bg7 4. Bb2 c5 5. e3 Bg4 6. Nbd2 Qa5 7. Be2 Nf6 8. O-O
O-O 9. h3 Bd7 10. Nc4 Qc7 11. d5 b5 12. Na3 Qb7 13. c4 b4 14. Nc2 Ne4 15. Bxg7
Kxg7 16. Bd3 Nc3 17. Qd2 e5 18. dxe6 fxe6 19. a3 a5 20. axb4 axb4 21. Rxa8 Qxa8
22. Ra1 Qb7 23. Nce1 Bc6 24. Bf1 Qc7 25. Rc1 Qe7 26. Rxc3 bxc3 27. Qxc3+ Qf6
28. Qxf6+ Kxf6 29. Nd2 Na6 30. f3 Nb4 31. Kf2 Ra8 32. e4 Ra1 33. Nd3 Rxf1+ 34.
Nxf1 Nxd3+ 35. Ke3 Nc1 36. Nd2 d5 37. exd5 exd5 38. h4 Ke5 39. g3 Bb7 40. cxd5
Bxd5 41. Nc4+ Ke6 0-1

[Event "Int. Championship of Central Serbia - OP"]
[Site "Paracin"]
[Date "2011.07.15"]
[Round "9.46"]
[White "Uyanik, Mehmet"]
[Black "Kolbert, Engelbert"]
[Result "0-1"]
[WhiteElo "1719"]
[BlackElo "2161"]
[PlyCount "102"]
[EventDate "2011.07.08"]

1. e4 c5 2. d4 cxd4 3. Nf3 d6 4. Nxd4 Nf6 5. Nc3 g6 6. Be3 Bg7 7. f3 O-O 8. Bc4
Nc6 9. Qd2 Bd7 10. O-O-O Rc8 11. Bb3 Ne5 12. g4 b5 13. h4 a5 14. h5 a4 15. Bd5
b4 16. Nce2 Qc7 17. hxg6 Nxd5 18. exd5 fxg6 19. Nf4 Nc4 20. Qh2 h6 21. Nfe6
Bxe6 22. Bxh6 Be5 23. Qh3 Bxd5 24. Bxf8 Kxf8 25. Qh6+ Kf7 26. Qh7+ Bg7 27. Rh6
Ne5 28. f4 Rh8 29. Qxh8 Bxh8 30. Rxh8 Nxg4 31. f5 Kg7 32. Rh4 Ne5 33. fxg6 b3
34. axb3 axb3 35. Rg1 bxc2 36. Nf5+ Kf6 37. g7 Nd3+ 38. Kd2 c1=Q+ 39. Rxc1
Qxc1+ 40. Kxd3 Qb1+ 41. Ke3 Kxf5 42. Rh5+ Kg6 43. Rxd5 Kxg7 44. Rd2 Kf6 45.
Rf2+ Ke5 46. Rd2 d5 47. Re2 Kd6 48. Rd2 e5 49. Rg2 d4+ 50. Kf2 e4 51. b4 e3+
0-1

[Event "Int. Championship of Central Serbia - OP"]
[Site "Paracin"]
[Date "2011.07.15"]
[Round "9.47"]
[White "Draskovic, Luka"]
[Black "Kalinic, Dusan"]
[Result "1/2-1/2"]
[WhiteElo "2135"]
[BlackElo "2009"]
[PlyCount "42"]
[EventDate "2011.07.08"]

1. e4 c5 2. Nf3 Nc6 3. d4 cxd4 4. Nxd4 g6 5. c4 Nf6 6. Nc3 d6 7. Nc2 Bg7 8. Be2
O-O 9. O-O Be6 10. Bd2 Rc8 11. b3 a5 12. Rc1 Nd7 13. Ne3 Nc5 14. Ned5 Bxd5 15.
exd5 Nb4 16. a3 Nba6 17. Rb1 Nb8 18. b4 axb4 19. axb4 Ncd7 20. Qb3 Na6 21. Rfc1
Ra8 1/2-1/2

[Event "Int. Championship of Central Serbia - OP"]
[Site "Paracin"]
[Date "2011.07.15"]
[Round "9.48"]
[White "Jovanovic, Miroslav O"]
[Black "Zarkovic, Mila"]
[Result "1/2-1/2"]
[WhiteElo "2135"]
[BlackElo "2015"]
[PlyCount "40"]
[EventDate "2011.07.08"]

1. d4 Nf6 2. c4 e6 3. a3 b6 4. Nc3 d5 5. cxd5 Nxd5 6. e3 Nxc3 7. bxc3 Bb7 8.
Nf3 Be7 9. Bd3 O-O 10. O-O c5 11. Bb2 Nd7 12. Rc1 Qc7 13. c4 Nf6 14. Qe2 Rfd8
15. Rfd1 Rac8 16. Nd2 a6 17. h3 h6 18. Nf3 Nd7 19. Bb1 Nf8 20. a4 Bc6 1/2-1/2

[Event "Int. Championship of Central Serbia - OP"]
[Site "Paracin"]
[Date "2011.07.15"]
[Round "9.49"]
[White "Prijovic, Bojan"]
[Black "Tonic, Milos"]
[Result "1/2-1/2"]
[WhiteElo "1957"]
[BlackElo "2151"]
[PlyCount "40"]
[EventDate "2011.07.08"]

1. e4 Nf6 2. Nc3 d5 3. exd5 Nxd5 4. Nxd5 Qxd5 5. d4 Nc6 6. Be3 Bf5 7. c3 e5 8.
dxe5 Qxe5 9. Nf3 Qe6 10. Qb3 Qxb3 11. axb3 a6 12. Nd4 Nxd4 13. Bxd4 O-O-O 14.
Be2 c5 15. Be3 Be6 16. Bd1 Bd6 17. O-O Rhe8 18. Bc2 h6 19. h3 Re7 20. Rfd1 Red7
1/2-1/2